Sąsiedzi Rosji - Statystyki

Ogólne statystyki
  • Ten quiz został rozwiązany 190 razy
  • Średni wynik to 12 z 14
Statystyki odpowiedzi
Kontynent Odpowiedź % Poprawnych
Europa Ukraina
99%
Europa Białoruś
98%
Europa Polska
98%
Azja Chiny
95%
Europa Litwa
95%
Europa Łotwa
95%
Europa Estonia
93%
Azja Kazachstan
90%
Europa Finlandia
89%
Azja Mongolia
88%
Azja Korea Północna
78%
Azja Gruzja
75%
Europa Norwegia
74%
Azja Azerbejdżan
69%
Nie znaleziono quizów pasujących do podanych kryteriów
Rozkład punktacji
Procent ludzi z każdym wynikiem
Percentyl według liczby udzielonych odpowiedzi
Twoja historia wyników
Nie rozwiązałeś tego quizu